000 01387nam a2200265Ia 4500
999 _c50316
_d50316
001 17257
003 GE_BSU
005 20200207151346.0
008 181216s2013 xx |||||||||||||| ||geo||
010 _a 9789941436550
040 _cGE_BSU
041 _ageo
080 _a1+141 ი-76
100 _aირემაძე, თენგიზ.
_92229
245 _aფილოსოფია ეპოქათა და კულტურათა გზაგასაყარზე :
_bინტერკულტურული და ინტერდისციპლინური კვლევები /
_cთენგიზ ირემაძე ; სამეცნ. რედ. გიორგი ბარამიძე [და სხვ.]
264 _aთბილისი :
_bნეკერი,
_c2013.
300 _a169 გვ.:
_c20 სმ.
500 _aსაძიებლები: გვ. 158-168
504 _a ბიბლიოგრ. ტექსტ. შენიშვნ. და გვ. 141-157.
520 _aრეზ. ინგლ
653 _aფილოსოფია
653 _aფილოსოფია; ფილოსოფიური კონცეფციები
700 _aბარამიძე, გიორგი
_eსამეცნიერო რედაქტორი
_96905
942 _cBK
_2udc